Diseconomie esterne e produzione industriale: il caso del settore conciario nella realta italiana

Gespeichert in:
Bibliographische Detailangaben
1. Verfasser: Sbrana, Roberto (VerfasserIn)
Format: Buch
Sprache:Italienisch
Veröffentlicht: Milán Franco Angeli 1981
Schlagworte:
Tags: Tag hinzufügen
Keine Tags, Fügen Sie den ersten Tag hinzu!

MARC

LEADER 00000nam a2200000 a 4500
001 UCU2712
003 CL-VaPUC
008 960426e19810000IT |||||||||||||||||ita|d
082 0 4 |a 338.094  |b SBR  |2 21 
100 0 |a Sbrana, Roberto  |e author  |9 359137 
245 1 0 |a Diseconomie esterne e produzione industriale: il caso del settore conciario nella realta italiana 
300 |a 122 p 
942 |c BK 
945 |d 19960426 00:00:00  |a paguirre 
260 |a Milán  |b Franco Angeli  |c 1981 
650 0 |a Industrialización  |9 263687 
650 0 |a Industrias   |9 263688 
650 0 |a Producción   |9 263680 
650 0 |a Desarrollo económico y social   |9 256320 
650 0 |a Producción industrial  |9 307907 
650 0 |a Economía   |9 255568 
651 0 |a Italia  |9 254949 
583 |a last modification  |c 19960426 00:00:00  |k Rodrigo Vera 
999 |c 246945  |d 246943 
952 |0 0  |1 0  |4 0  |6 338_094000000000000_SBR_1981  |7 0  |8 A  |9 262326  |a BIBING  |b BIBING  |d 2019-11-19  |i 164310K  |o 338.094 SBR 1981  |p 164310K  |r 2025-01-20  |w 2019-11-19  |y BK  |k ING